Woman, thou art loosed! : (Record no. 7302)
[ view plain ]
| 000 -LEADER | |
|---|---|
| fixed length control field | 00716nam a22002292 4500 |
| 001 - CONTROL NUMBER | |
| control field | 0000006377 |
| 005 - DATE AND TIME OF LATEST TRANSACTION | |
| control field | 20151217152017.0 |
| 008 - FIXED-LENGTH DATA ELEMENTS--GENERAL INFORMATION | |
| fixed length control field | 071024s xx 000 0 eng d |
| 020 ## - INTERNATIONAL STANDARD BOOK NUMBER | |
| International Standard Book Number | 996680577x : |
| Terms of availability | KES 890 |
| 040 ## - CATALOGING SOURCE | |
| Original cataloging agency | KABU |
| Transcribing agency | KABU |
| 100 1# - MAIN ENTRY--PERSONAL NAME | |
| Personal name | Jakes, T. D. |
| -- | 0000141479 |
| 245 10 - TITLE STATEMENT | |
| Title | Woman, thou art loosed! : |
| Remainder of title | healing the wounds of the past / |
| Statement of responsibility, etc. | T. D. Jakes. |
| 250 ## - EDITION STATEMENT | |
| Edition statement | ed. |
| 260 ## - PUBLICATION, DISTRIBUTION, ETC. (IMPRINT) | |
| Place of publication, distribution, etc. | Nairobi : |
| Name of publisher, distributor, etc. | WordAlive, |
| Date of publication, distribution, etc. | 1996. |
| 300 ## - PHYSICAL DESCRIPTION | |
| Extent | 175 p ; |
| Dimensions | cm. |
| 650 #0 - SUBJECT ADDED ENTRY--TOPICAL TERM | |
| Topical term or geographic name as entry element | Christian women |
| General subdivision | Religious life. |
| -- | 0000005344 |
| 650 #0 - SUBJECT ADDED ENTRY--TOPICAL TERM | |
| Topical term or geographic name as entry element | Spiritual healing. |
| -- | 0000132874 |
| 908 ## - PUT COMMAND PARAMETER (RLIN) | |
| Put command parameter | 071024 |
| 950 ## - LOCAL HOLDINGS (RLIN) | |
| -- | 1 |
| Withdrawn status | Lost status | Source of classification or shelving scheme | Not for loan | Home library | Current library | Date acquired | Total Checkouts | Full call number | Barcode | Date last seen | Price effective from | Koha item type | Total Renewals | Date last checked out |
|---|---|---|---|---|---|---|---|---|---|---|---|---|---|---|
| Library of Congress Classification | Kabarak, Main Campus | Kabarak, Main Campus | 17/12/2015 | BV4527 .J35 | 010892 | 17/12/2015 | 17/12/2015 | General Collection | ||||||
| Library of Congress Classification | Kabarak, Main Campus | Kabarak, Main Campus | 17/12/2015 | 5 | BV4527 .J35 | 012741 | 29/04/2019 | 17/12/2015 | General Collection | 1 | 29/01/2019 |